Kreslení elektrotechnických značek /

Hlavní autor: Jurča, Robert, 1972-
Korporativní autor: Soukromá střední odborná škola (Kunovice, Uherské Hradiště, Česko)
Další autoři: Zálešák, Miroslav, 1955-
Jazyk: Čeština
Vydáno: Kunovice : Evropský polytechnický institut, 2007
Témata:
Externí odkaz: Digitalizovaný dokument
Fyzický popis: 100 s. : il. ; 30 cm
Knihy
Uloženo v:
LEADER 01906nam a2200481 a 4500
001 nkc20071751274
003 CZ PrNK
005 20071122095821.0
007 ta
008 070912s2007 xr a d p 000 0 cze
015 |a cnb001751274 
020 |a 978-80-7314-119-6  |q (brož.) 
035 |a (OCoLC)190752860 
040 |a BOA001  |b cze  |d ABA001 
072 7 |a 621.3  |x Elektrotechnika  |2 Konspekt  |9 19 
072 7 |a 37.016  |x Učební osnovy. Vyučovací předměty. Učebnice  |2 Konspekt  |9 22 
080 |a 621.3  |2 MRF 
080 |a 621.3:003.6  |2 MRF 
080 |a 744.4  |2 MRF 
080 |a (075.3)  |2 MRF 
100 1 |a Jurča, Robert,  |d 1972-  |7 mzk2005273126  |4 aut 
245 1 0 |a Kreslení elektrotechnických značek /  |c Robert Jurča, Miroslav Zálešák 
260 |a Kunovice :  |b Evropský polytechnický institut,  |c 2007 
300 |a 100 s. :  |b il. ;  |c 30 cm 
500 |a Na obálce nad názvem: Soukromá střední odborná škola, s.r.o. 
500 |a 30 výt. 
504 |a Obsahuje bibliografie 
650 0 7 |a elektrotechnika  |7 ph114460  |2 czenas 
650 0 7 |a elektrotechnické značky  |7 ph268212  |2 czenas 
650 0 7 |a technické kreslení  |7 ph116408  |2 czenas 
650 0 9 |a electric engineering  |2 eczenas 
650 0 9 |a electrotechnical signs  |2 eczenas 
650 0 9 |a technical drawing  |2 eczenas 
655 7 |a učebnice středních škol  |7 fd133771  |2 czenas 
655 9 |a textbooks (secondary)  |2 eczenas 
700 1 |a Zálešák, Miroslav,  |d 1955-  |7 mzk2007411406  |4 aut 
710 2 |a Soukromá střední odborná škola (Kunovice, Uherské Hradiště, Česko)  |7 olak2006315616 
856 4 1 |u https://www.digitalniknihovna.cz/mzk/uuid/uuid:7198db90-c0ca-11e8-bc37-005056827e51  |y Digitalizovaný dokument  |x NDK 
910 2 |a BOA001  |b 3-1192.613 
990 |a BK 
995 |a 01 
991 |b 200710  |c NOV 
996 6 |b 2610321710  |c 3-1192.613  |l MZK  |r Sklad / do 1 hodiny  |n 1  |p p.v.  |w 000867976  |u 000010  |a 1  |e BOA001  |j MZK50  |s P